El desafío de los pobres a la iglesia /

El texto realiza un recuento histórico, desde la perspectiva teológica cristiana, del abordaje que dicha corriente religiosa ha realizado con respecto a la pobreza como problema social, con especial énfasis en América Latina. De manera que, se establece mediante divisiones históricas, las conceptual...

全面介紹

Guardado en:
書目詳細資料
主要作者: Santa Ana, Julio de
格式: 圖書
語言:Spanish
出版: Costa Rica : EDUCA, 1977
叢編:Colección DEI
主題:
標簽: 添加標簽
沒有標簽, 成為第一個標記此記錄!

MARC

LEADER 00000nam a2200000 4500
003 cru CIDCACS/IIS
005 20230606090505.0
007 ta
008 161027t1977 cr ||||| |||| 00| 0 spa d
040 |c CRAI/IIS  |a CRAI/IIS 
090 |a 03.02.05 SA231d 
100 1 |9 277  |a Santa Ana, Julio de 
245 1 |a El desafío de los pobres a la iglesia /  |c Julio de Santa Ana 
260 |a Costa Rica :  |b EDUCA,  |c 1977 
300 |a 142 páginas 
440 |9 278  |a Colección DEI 
520 |a El texto realiza un recuento histórico, desde la perspectiva teológica cristiana, del abordaje que dicha corriente religiosa ha realizado con respecto a la pobreza como problema social, con especial énfasis en América Latina. De manera que, se establece mediante divisiones históricas, las conceptualizaciones cristianas acerca de la pobreza, profundizando en los siguientes ejes temáticos: la pobreza en el Antiguo Testamento, los pobres y la pobreza en el mensaje de Jesús, el llamado a las personas ricas de seguir a Jesús, discusión en la Iglesia Católica acerca de los pobres y la pobreza, disputas sobre la práctica de la caridad y reflexiones finales acerca de la pobreza en la actualidad.  
650 0 |9 1862  |a CRISTIANISMO 
650 4 |9 3179  |a IGLESIA CATOLICA 
650 4 |9 3770  |a CATOLICISMO 
650 0 |9 1428  |a IDEOLOGIAS 
650 0 |9 4606  |a TEOLOGIA 
650 0 |9 284  |a POBREZA 
650 0 |9 839  |a PROBLEMAS SOCIALES 
650 0 |9 71  |a DESARROLLO ECONOMICO Y SOCIAL 
942 |2 ddc  |c LI  |h 03.02.05 SA231d  |i 17487  |6 030205_SA231D_17487 
999 |c 18670  |d 18670